000 00361nam a2200169Ia 4500
100 _aHoldsworth/B/ Woods/C
650 _aLogic Design
942 _cBK
366 _f15
654 _alogic design
245 _aDigital Logic Design
260 _bElsevier
_aMumbai
_c2002
082 _a621.395/HOL
_bHOL
300 _a519
546 _aENGLISH
999 _c32968
_d32968